Statistiques concernant Eurovision: Titre des chansons (2018 - 2021)

Cliquez ici pour prendre le quiz!

Statistiques générales

  • Ce quiz a été pris 419 fois
  • Le résultat moyen est 11 sur 20

Statistiques - réponses

HintRéponse% Correct
Roumanie 2020Alcohol you
100%
Arménie 2020Chains on you
100%
Pologne 2020Empires
100%
Pays-Bas 2020Grow
100%
Serbie 2019Kruna
100%
Biélorussie 2019Like it
100%
Serbie 2021Loco loco
100%
France 2018Mercy
100%
Suède 2020Move
100%
Israël 2021Set me free
100%
Israël 2018Toy
100%
Macédoine du Nord 2020You
100%
Italie 2021Zitti e buoni
100%
Chypre 2018Fuego
92%
Macédoine du Nord 2019Proud
90%
Irlande 2020Story of my life
90%
Suisse 2021Tout l'univers
90%
France 2020Mon alliée (The best in me)
89%
France 2019Roi
89%
Grèce 2020Superg!rl
89%
Pays-Bas 2019Arcade
88%
Bulgarie 2018Bones
88%
Malte 2019Chameleon
88%
Malte 2021Je me casse
88%
Belgique 2020Release me
88%
Suisse 2020Répondez-moi
88%
Allemagne 2019Sister
88%
France 2021Voilà
87%
Espagne 2019La venda
86%
Grèce 2021Last dance
83%
Portugal 2019Telemóveis
83%
Russie 2020Uno
83%
Australie 2018We got love
83%
Allemagne 2021I don't feel hate
82%
Finlande 2020Looking back
80%
Moldavie 2021Sugar
80%
Islande 202110 years
78%
Saint-Marin 2019Say na na na
78%
Croatie 2021Tick-tock
78%
Chypre 2021El diablo
77%
Saint-Marin 2021Adrenalina
75%
Malte 2020All of my love
75%
Grèce 2019Better love
75%
Biélorussie 2020Da vidna
75%
Biélorussie 2018Forever
75%
République tchèque 2018Lie to me
75%
Finlande 2019Look away
75%
Autriche 2018Nobody but you
75%
Chypre 2019Replay
75%
Italie 2019Soldi
75%
Ukraine 2020Solovey
75%
Australie 2021Technicolor
75%
Belgique 2021The wrong place
75%
Australie 2019Zero gravity
75%
Israël 2020Feker libi
73%
Russie 2018I won't break
73%
Autriche 2021Amen
71%
Norvège 2021Fallen Angel
71%
Lituanie 2020On fire
71%
Russie 2021Russian woman
71%
Suisse 2019She got me
71%
Suède 2021Voices
71%
République tchèque 2021Omaga
70%
Autriche 2020Alive
67%
Hongrie 2019Az én apám
67%
Italie 2020Fai rumore
67%
Bulgarie 2021Growing up is getting old
67%
Islande 2019Hatrið mun sigra
67%
Belgique 2018Matter of time
67%
Grèce 2018Oniro mou
67%
Russie 2019Scream
67%
Suisse 2018Stones
67%
Malte 2018Taboo
67%
Lettonie 2021The moon is rising
67%
Suède 2019Too late for love
67%
Arménie 2019Walking out
67%
Azerbaïdjan 2020Cleopatra
64%
Danemark 2019Love is forever
64%
Roumanie 2021Amnesia
63%
Azerbaïdjan 2021Mata Hari
63%
Pologne 2021The ride
63%
Islande 2020Think about things
63%
Belgique 2019Wake up
63%
Géorgie 2021You
63%
Slovénie 2021Amen
60%
Norvège 2020Attention
60%
Royaume-Uni 2021Embers
60%
Albanie 2020Fall from the sky
60%
Saint-Marin 2020Freaky!
60%
Pologne 2018Light me up
60%
Portugal 2021Love is on my side
60%
Irlande 2021Maps
60%
Finlande 2018Monsters
60%
Roumanie 2019On a Sunday
60%
Moldavie 2020Prison
60%
Chypre 2020Running
60%
Ukraine 2021Shum
60%
Royaume-Uni 2018Storm
60%
Croatie 2019The dream
60%
Ukraine 2018Under the ladder
60%
Slovénie 2020Voda
60%
Estonie 2020What love is
60%
Allemagne 2018You let me walk alone
60%
Irlande 201922
57%
Suède 2018Dance you off
57%
Azerbaïdjan 2019Truth
57%
Lituanie 2021Discoteque
56%
Albanie 2021Karma
56%
Albanie 2018Mall
56%
Lituanie 2019Run with the lions
56%
Espagne 2021Voy a quedarme
56%
République tchèque 2019Friend of a friend
55%
Israël 2019Home
55%
Norvège 2018That's how you write a song
55%
Australie 2020Don't break me
50%
Lettonie 2018Funny girl
50%
Serbie 2020Hasta la vista
50%
République tchèque 2020Kemama
50%
Estonie 2018La forza
50%
Autriche 2019Limits
50%
Italie 2018Non mi avete fatto niente
50%
Norvège 2019Spirit in the sky
50%
Espagne 2018Tu canción
50%
Allemagne 2020Violent thing
50%
Hongrie 2018Viszlát Nyár
50%
Danemark 2020Yes
50%
Royaume-Uni 2019Bigger than us
44%
Pays-Bas 2021Birth of a new age
44%
Danemark 2018Higher ground
44%
Portugal 2018O jardim
43%
Géorgie 2020Take me as I am
43%
Estonie 2021The lucky one
43%
Serbie 2018Nova Deca
40%
Lettonie 2020Still breathing
40%
Monténégro 2019Heaven
38%
Lettonie 2019That night
38%
Pologne 2019Fire of love (Pali się)
33%
Géorgie 2018For you
33%
Roumanie 2018Goodbye
33%
Arménie 2018Qami
33%
Moldavie 2019Stay
33%
Estonie 2019Storm
33%
Bulgarie 2020Tears getting sober
33%
Espagne 2020Universo
33%
Slovénie 2018Hvala, ne
30%
Macédoine du Nord 2021Here I stand
29%
Monténégro 2018Inje
29%
Royaume-Uni 2020My last breath
29%
Islande 2018Our choice
29%
Slovénie 2019Sebi
29%
Croatie 2018Crazy
25%
Finlande 2021Dark side
25%
Géorgie 2019Keep on going
25%
Moldavie 2018My lucky day
25%
Azerbaïdjan 2018X my heart
25%
Lituanie 2018When we're old
22%
Saint-Marin 2018Who we are
22%
Croatie 2020Divlji vjetre
20%
Pays-Bas 2018Outlaw in 'em
18%
Portugal 2020Medo de sentir
17%
Danemark 2021Øve os på hinanden
17%
Irlande 2018Together
17%
Albanie 2019Ktheju tokës
10%
Macédoine du Nord 2018Lost and found
0%

Distribution des résultats

Percentile par nombre de réponses

% des personnes avec chaque résultat

Votre développement - résultats

Vous n’avez pas pris ce quiz